000
00252nam a2200097Ia 4500
008
220204s9999 xx 000 0 und d
082
_a
NR:0161974
_b
BPP
245
0
_a
Abstract bibliography of Hevea rubber. 1974
260
_a
Medan
_b
BPP
_c
1974
942
_c
BK
999
_c
28215
_d
28215